Poslední Mohykán /
Poslední Mohykán je historicko-dobrodružný román, jedna z nejlepších indiánek všech dob.. Příběh je situován do doby sedmileté války mezi Francouzi a Angličany, jejímž důsledkem byl konec koloniálníhopanství Francouzů na území dnešních Spojených států amerických. James Cooper popsal skutečnou histor...
Uloženo v:
| Hlavní autor: | |
|---|---|
| Další autoři: | , , , , , , , |
| Médium: | E-audiokniha |
| Vydáno: |
Praha :
Supraphon a.s.,
1995
|
| Tagy: |
Žádné tagy |
| LEADER | 02399nim a22003257i 4500 | ||
|---|---|---|---|
| 001 | 313253 | ||
| 007 | sr nunnnnnnned | ||
| 024 | |a 099925507428 | ||
| 044 | |a xr | ||
| 100 | 1 | |a Fenimor Cooper, James |4 aut | |
| 245 | 1 | 0 | |a Poslední Mohykán / |c Fenimor Cooper, James |
| 264 | 1 | |a Praha : |b Supraphon a.s., |c 1995 | |
| 300 | |a 1 online zdroj (1 hod., 15 min., 40 sek.) | ||
| 336 | |a mluvené slovo |b spw |2 rdacontent | ||
| 337 | |a audio |b s |2 rdamedia | ||
| 338 | |a online zdroj |b cr |2 rdacarrier | ||
| 505 | 0 | 0 | |t Posledni Mohykan (1 hod., 15 min., 36 sek.) |
| 520 | 2 | |a Poslední Mohykán je historicko-dobrodružný román, jedna z nejlepších indiánek všech dob.. Příběh je situován do doby sedmileté války mezi Francouzi a Angličany, jejímž důsledkem byl konec koloniálníhopanství Francouzů na území dnešních Spojených států amerických. James Cooper popsal skutečnou historickou událost, masakr anglické posádky pevnosti William Henry Indiány z kmene Huronů. Hlavním hrdinou románu je Unkas, syn náčelníka Čingačgúka. Proti němu a skupině jeho přátel stojí přeběhlík a zrádce Huron Magua, který se chce pomstít veliteli pevnosti, plukovníkovi Munrovi za to, že jej kdysi nechal zbičovat a tím zostudit. Magua doufá, že pomstou získá svoji čest a bude se moci vrátit k Hurónům. V chaosu během masakru se zmocní Munrových dcer, Alice a Cory. Román končí tragicky smrtí Cory a a Unkase, kteří se do sebe zamilovali. Čingačgúk se tak stal posledním Mohykánem. V dramatizaci z roku 1989 a v režii Jana Fuchse účinkují Jiří Bartoška, Svatopluk Beneš, Radoslav Brzobohatý, Marek Vašut, Miroslav Moravec,Otakar Brousek, Naďa Konvalinková, Simona Stašová a další. | |
| 700 | 1 | |a Bartoška, Jiří |4 nrt | |
| 700 | 1 | |a Stašová, Simona |4 nrt | |
| 700 | 1 | |a Konvalinková, Naďa |4 nrt | |
| 700 | 1 | |a Beneš, Svatopluk |4 nrt | |
| 700 | 1 | |a Vašut, Marek |4 nrt | |
| 700 | 1 | |a Brzobohatý, Radoslav |4 nrt | |
| 700 | 1 | |a Moravec, Miroslav |4 nrt | |
| 700 | 1 | |a Brousek, Otakar |4 nrt | |
| 910 | |a RBIT002 | ||
| 998 | |d 401414 |a https://core.palmknihy.cz/api/books/401414/cover?sgtxim |b https://core.palmknihy.cz/api/books/401414/cover/400?sgtxim |c https://core.palmknihy.cz/api/books/401414/cover/50?sgtxim |e 2099-01-01 |i 099925507428 |l 4540 |q 49 |r 1 |s https://www.palmknihy.cz/kniha/401414 |t audiobook |y 1995 |z 1 | ||
| 999 | |d 313251 | ||